00389nam a2200121Ia 450000500170000000800410001708200130005810000210007124500560009226000500014830000120019850000570021020250616021157.0240331s9999 xx 000 0 und d bJANa305 aMarga Ayathanaya 0aJana vargeeya sadaranathvaya saha jathika ekamutuwa aColombobCentre for Development Studiesc1985 a64 p ., aInter- Racial Equity and national unity in Sri Lanka